Growing a shared vision <a> toolkit for schools : activities for organisational and staff development
Uložené v:
| Hlavný autor: | |
|---|---|
| Korporácia: | , |
| Ďalší autori: | , , , , , |
| Médium: | Kniha |
| Jazyk: | English |
| Vydavateľské údaje: |
Hamar
Partnership for Education and Research about Responsible Living (PERL)
2014
|
| Edícia: | Values-Based Learnig Toolkits
|
| Predmet: | |
| Tagy: |
Žiadne tagy, Buďte prvý, kto otaguje tento záznam!
|
MARC
| LEADER | 00000nam a2200000 4500 | ||
|---|---|---|---|
| 001 | 0199612 | ||
| 005 | 20240502083507.1 | ||
| 041 | 0 | |a eng | |
| 044 | |a NO | ||
| 245 | 1 | 0 | |a Growing a shared vision |b <a> toolkit for schools : activities for organisational and staff development |c Arthur Dahl ... [et al.] |
| 264 | 1 | |a Hamar |b Partnership for Education and Research about Responsible Living (PERL) |c 2014 | |
| 300 | |a [27] s. | ||
| 490 | 1 | |a Values-Based Learnig Toolkits | |
| 830 | 0 | |a Values-Based Learnig Toolkits | |
| 610 | 2 | 0 | |a vzdelávanie |
| 610 | 2 | 0 | |a vzdelanie |
| 610 | 2 | 0 | |a školstvo |
| 610 | 2 | 0 | |a politika vzdelávania |
| 100 | 1 | |a Dahl, Arthur | |
| 700 | 1 | |a Harder, Marie | |
| 700 | 1 | |a Mehlmann, Marilyn | |
| 700 | 1 | |a Niinimaki, Kirsi | |
| 700 | 1 | |a Thoresen, Victoria W. | |
| 700 | 1 | |a Vinkhuyzen, Onno | |
| 700 | 1 | |a Vokounová, Dana, 1962- | |
| 710 | 2 | |a University of Brighton. Sustainable Development Coordination Unit | |
| 710 | 2 | |a Charles University. Charles University Environment Center | |